| 000 | 01007cam a22002775a 4500 | ||
|---|---|---|---|
| 001 | 12291184 | ||
| 005 | 20201124143013.0 | ||
| 008 | 141028t2014 enka fr 001 0 eng d | ||
| 020 | _z9780128000229 | ||
| 040 |
_aUMI _beng _cUMI _dEG-ScBUE |
||
| 082 | 0 | 4 |
_222 _a005.8 _bNOR |
| 100 | 1 | _aNorman, Thomas L. | |
| 245 | 1 | 0 |
_aIntegrated security systems design : _ba complete reference for building enterprise-wide digital security systems / _cThomas Norman. |
| 250 | _a2nd ed. | ||
| 260 |
_aOxford ; _aWaltham : _bButterworth-Heinemann / Elsevier, _cc.2014. |
||
| 300 |
_axvii, 381 p. : _bill. ; _c24 cm. |
||
| 500 | _aIndex : p. 367-381. | ||
| 506 | _aAccess restricted by licensing agreement. | ||
| 590 | _aAccess is available to the Yale community. | ||
| 650 | 0 |
_aInformation storage and retrieval systems _xSecurity measures. _2BUEsh |
|
| 650 | 7 |
_aComputers _xAccess control. _2BUEsh _922550 |
|
| 651 | _2BUEsh | ||
| 653 |
_bCOMSCI _cOctober2016 |
||
| 710 | 2 | _aSafari Books Online (Firm) | |
| 942 | _2ddc | ||
| 999 |
_c22712 _d22684 |
||